000 00807nam a2200193 a 4500
008 111006s1986 ||||||||||||||||| || u
050 _aRK 24 Den vol. 30, no. 4
100 _aZimmerman, John. L
245 1 0 _aSymposium on computer applications in dentistry
_cJohn L. Zimmerman, guest ed.
260 _aPhiladelphia, PA
_bW. B. Saunders
_c1986
300 _ax, p.617-767: ill.
350 _a0.00
490 _aThe Dental clinics of North America
490 _v v. 30, no. 4
650 _aDENTAL INFORMATICS
650 0 _aDENTISTRY--ATLASES
650 _aDENTISTRY--COMPUTER ASSISTED INSTRUCTION
995 _aMEDICAL LIBRARY OPEN ACCESS
_D0.00
_e901512
_FCBU-SCHOOL OF MEDICINE LIBRARY (Ndola)
_H1
_I0.00
_jRK 24 Den vol. 30, no. 4
_M1
_UAVAILABLE
_WDec 29, 2011
_y901512
_ZMedical Library Open Access Collection
999 _c32809
_d32809